00396 a2200145 450000500170000002000180001708200150003510000220005024500260007225000120009826000300011030000280014070000220016885600600019020250422163807.0 a81-259-1852-3 a657.48 MAH aMAHESHWARI, S. N. aFinancial Accounting. a4th Ed. aNew Delhi,bVikas,c2005. axx, 1210p.: ill.;c25cm aMAHESHWARI, S. K. yAccess Online BookfAccountingdwww.vikaspublishing.com